000 00594nam a22001697a 4500
005 20251110155027.0
008 251110b |||||||| |||| 00| 0 eng d
050 _aHD6951.K56 2016
_bC.1
100 _aKIMUTAI JEPKORIR ZEDDY
245 _aAN ASSESSMENT ON THE EFFECTS OF WORK LIFE BALANCE ON EMPLOYEES PERFOMANCE: A CASE OF UASIN GISHU COUNTY HOSPITAL
260 _aKISII
_bKISII UNIVERISTY
_c2019
300 _a11-33P.
500 _aIT HAS BIBLIOGRAPHIC INFORMATION
650 _aORGANIZATIONAL PERFOMANCE-KENYA POLICE SACCO-KENYA
700 _aKIMUTAI JEPKORIR ZEDDY
942 _2lcc
_cBK
999 _c216158
_d216158